000 01448cam a22001814a 4500
005 20250605164349.0
008 250528s ||||||||||||||||||||||||d
035 _a24085
040 _aGR-AtMCL
_bgre
_dGR-AtMCL
_eAACR2
245 1 _aΤην Κατάργηση του ΕΝ.Φ.Ι.Α. Πρότεινε ο Πρόεδρος του Ε.Β.Ε.Α. / Υπόμνημα στον Πρωθυπουργό για την Πορεία της Ελληνικής Οικονομίας
260 _bΕμπορικό Και Βιομηχανικό Επιμελητήριο Αθηνών,
_c2014
300 _a64
520 _aΕνημερωτική Εκδήλωση της Θ.Ε.Α. στο INNOVATHENS, Ο Θεσμός του Ευρωπαίου Διαμεσολαβητή, Εν Αναμονή Σοβαρών Αποφάσεων, Η Βελτίωση της Ελληνικής Οικονομίας Ανεβάζχει καστά Δέκα Θέσεις την Ανταγωνιστικότητα της Χώρας στην Παγκόσμια Κατάταξη, Παγιδευμένοι στη Φορολογική Νομοθεσία οι Ιδιοκτήτες Ακινήτων, Ο Διαγωνισμός για τις Έρευνες Υδρογοναθράκων, Το Ποσοτικό θα Υπερισχύσει και Πάλι του Ποιοτικού.
700 1 _aΜίχαλος Κωνσταντίνος
_94319
942 _cCR
999 _c8984
_d8984